000 00922nas a2200253 4500
001 BR9100575
003 BR-BrBNA
005 20231205091915.0
007 ta
008 230509b bl.|||p| |||| 00| 00por d
040 _aBR-BrBNA
_bpor
_cBiblioteca Nacional de Agricultura
041 _a(Pt)
072 _aF70; M40
100 1 _aCecy, I.I.T.
245 1 _aA Restinga de Pontal do Sul, municipio de Paranagua, Parana. 1. Levantamento ficologico (Euglenophyta)e fisico-quimico
246 1 _aThe Restinga of Pontal do Sul, municipality of Paranagua, Parana State. 1. Algal flora (Euglenophyta)and physicochemical parameters
650 _aALGA
650 _aTAXONOMIA VEGETAL
650 _aECOLOGIA VEGETAL
650 _aPARANÁ
773 0 _tArquivos de Biologia e Tecnologia (Brazil)
_xISSN 0365-0979
_g(Mar 1990), v. 33(1) p. 1-79
_wBR9100575
909 _a202311
_bLúcia
_c55
_dLúcia Elande
942 _2AGRIS
_n0
_cANA
999 _c128076
_d128076